00459nam a22001577a 4500003000400000005001700004008004100021020001800062082001600080100002500096245008800121250001200209260004600221300001000267700002400277OSt20210701160120.0210701b ||||| |||| 00| 0 eng d a9789332577473 a571.1bM87P aMoyes, Christopher D aPrinciples of animal physiology / cby Christopher D. Moyes and Patricia M. Schulte a2nd ed. aNoida : bPearson India Education, c2016 b758p. aSchulte, Patricia M